| 000 | 00792 a2200217 4500 | ||
|---|---|---|---|
| 005 | 20080826112914.0 | ||
| 008 | 080826t xxu||||| |||| 00| 0 eng d | ||
| 010 | _aENG-87160 | ||
| 020 |
_c295.00 _a8185502927 |
||
| 035 | _aEN-70693 | ||
| 037 | _bDBAD / PUB | ||
| 082 | _a574.192 | ||
| 100 | _aPattabiraman, T.N. | ||
| 245 |
_aText book of biochemistry _cby T.N. Pattabiraman |
||
| 250 | _a2nd ed. | ||
| 260 |
_aNew Delhi _bAll India Publishers _c2006 |
||
| 270 |
_a4380/4B, Ansari Road, Darya Ganj, _aNew Delhi _e110 002 |
||
| 300 |
_a476p. _c24cm (pbk ) |
||
| 942 |
_adpl _cEN _k574.192 / PAT _2ddc _h574.192 _mPAT |
||
| 999 |
_c6157 _d6157 |
||